Movies by Letter - H - Statistics

General Stats
  • This quiz has been taken 62 times
  • The average score is 9 of 25
Answer Stats
Hint Answer % Correct
Old neighborhood of orange groves now synonymous with American films Hollywood
83%
"A census taker once tried to test me. I ate his liver with some fava beans and a nice Chianti." Hannibal Lecter
81%
Horror franchise featuring Jamie Lee Curtis Halloween
79%
Director of Marnie, Blackmail, Frenzy, Topaz, Rope, Lifeboat, Rebecca, Spellbound, and Notorious Alfred Hitchcock
75%
Name of The Love Bug car Herbie
69%
2008 Kathryn Bigelow war film with Jeremy Renner, Anthony Mackie, and Brian Geraghty The Hurt Locker
65%
The boy who lived Harry Potter
56%
Animation studio of The Flintstones, Yogi Bear, Scooby-Doo, and the Smurfs Hanna-Barbera
54%
The first Beatles film, from 1964 A Hard Day's Night
46%
Teamed with Richard Rodgers for films like Oklahoma!, South Pacific, and The Sound of Music Oscar Hammerstein II
46%
In 1950, he was James Stewart's invisible six-foot rabbit friend Harvey
40%
The most prolific genre of films, created in India Hindi
29%
In many film adaptations he says, "O, what a rogue and peasant slave am I!" Hamlet
27%
1969 musical with Barbra Streisand, Walter Matthau, and Louis Armstrong Hello, Dolly!
27%
There can be only one Highlander
23%
Cate Blanchett in Thor: Ragnarok Hela
21%
British studio known for horror films in the 1950s-70s Hammer Film Productions
17%
Director of Red River, The Big Sleep, His Girl Friday, and Rio Bravo Howard Hawks
15%
Evil spineless prince in The Princess Bride Humperdinck
13%
Better-known nickname of the Motion Picture Production Code, which censored American films from 1930s-1960s Hays Code
12%
Star of the above, plus Persuasion, The Shape of Water, and Paddington Sally Hawkins
12%
2008 Mike Leigh film about an optimistic North London teacher Happy-Go-Lucky
8%
The name of Chihiro's dragon friend in Spirited Away Haku
6%
2004 Zhang Yimou wuxia film with Zhang Ziyi, Andy Lau, and Takeshi Kaneshiro House of Flying Daggers
6%
British animation studio of Animal Farm and numerous shorts, many about Popeye Halas and Batchelor
4%
No matching quizzes found
Score Distribution
Percent of People with Each Score
Percentile by Number Answered
Your Score History
You have not taken this quiz